Political geography of erstwhile Indore State (Record no. 18133)

MARC details
000 -LEADER
fixed length control field 00468nam a2200169Ia 4500
082 ## - DEWEY DECIMAL CLASSIFICATION NUMBER
Classification number TS.0711
100 ## - MAIN ENTRY--AUTHOR NAME
Personal name Singh, Ravindra Pratap
245 #0 - TITLE STATEMENT
Title Political geography of erstwhile Indore State
260 ## - PUBLICATION, DISTRIBUTION, ETC. (IMPRINT)
Year of publication 1968
Name of publisher Vikram University
300 ## - PHYSICAL DESCRIPTION
Number of Pages 243p.
650 ## - SUBJECT ADDED ENTRY--TOPICAL TERM
Topical Term HUMAN GEOGRAPHY///POLITICAL GEOGRAPHY
650 ## - SUBJECT ADDED ENTRY--TOPICAL TERM
Topical Term POLITICAL GEOGRAPHY
650 ## - SUBJECT ADDED ENTRY--TOPICAL TERM
Topical Term INDORE STATE
650 ## - SUBJECT ADDED ENTRY--TOPICAL TERM
Topical Term PRINCELY STATES - INDIA///INDORE STATE
710 ## - ADDED ENTRY--CORPORATE NAME
Corporate name or jurisdiction name as entry element Varma, K.N.
942 ## - ADDED ENTRY ELEMENTS (KOHA)
Koha item type Thesis
Source of classification or shelving scheme Dewey Decimal Classification
Holdings
Withdrawn status Lost status Damaged status Not for loan Home library Current library Date acquired Full call number Accession Number Price effective from Koha item type
        NASSDOC Library NASSDOC Library 08/10/2004 TS.0711 13885 18/04/2019 Thesis